Tactical Missile Warheads / (Record no. 559996)
[ view plain ]
| 000 -LEADER | |
|---|---|
| fixed length control field | 00486nam a2200145Ia 4500 |
| 008 - FIXED-LENGTH DATA ELEMENTS--GENERAL INFORMATION | |
| fixed length control field | 210428s9999 xx 000 0 und d |
| 020 ## - INTERNATIONAL STANDARD BOOK NUMBER | |
| International Standard Book Number | 1-56347-067-5 |
| 082 ## - DEWEY DECIMAL CLASSIFICATION NUMBER | |
| Classification number | 660.04 A498 T |
| 245 #0 - TITLE STATEMENT | |
| Title | Tactical Missile Warheads / |
| Statement of responsibility, etc. | Editor Joseph Carleone |
| 260 ## - PUBLICATION, DISTRIBUTION, ETC. | |
| Name of publisher, distributor, etc. | American Institute of Aeronautics and Astronautics |
| Place of publication, distribution, etc. | Washington, DC |
| Date of publication, distribution, etc. | 1993 |
| 300 ## - PHYSICAL DESCRIPTION | |
| Extent | 754p |
| 440 ## - SERIES STATEMENT/ADDED ENTRY--TITLE | |
| Title | Progress in astronautics and aeronautics V-155 |
| 9 (RLIN) | 127180 |
| 700 ## - ADDED ENTRY--PERSONAL NAME | |
| Personal name | A. Richard Seebass |
| 9 (RLIN) | 52222 |
| 942 ## - ADDED ENTRY ELEMENTS (KOHA) | |
| Koha item type | Book |
| Source of classification or shelving scheme | |
| Withdrawn status | Lost status | Damaged status | Not for loan | Permanent Location | Current Location | Date acquired | Total Checkouts | Full call number | Barcode | Date last seen | Price effective from | Koha item type |
|---|---|---|---|---|---|---|---|---|---|---|---|---|
| School of Chemical & Materials Engineering (SCME) | School of Chemical & Materials Engineering (SCME) | 04/11/7 | 660.04 A498 T | SCME-147 | 04/28/2021 | 04/28/2021 | Book |
